000 00690nam a2200241Ia 4500
003 OSt
005 20220928125718.0
006 a|||||r|||| 00| 0
007 ta
008 220927b |||||||| |||| 00| 0 eng d
024 _a64723
037 _cTextual
040 _aSDCL
_cSDCL
_beng
041 _2eng
_aeng
082 _aX:8:(D6,8(B),22:8), P5
100 _aBerry Michael J.
_9471178
245 0 _aMastering data mining
260 _aNew York
_b Wiley Computer Publishing
_c2005
300 _axviii,494p.
_ccm.
700 _a Linoff Gordon
_9471179
942 _hX:8:(D6,8(B),22:8), P5
_cTEXL
_2CC
999 _c783800
_d783800